000 00526nam a22001937a 4500
003 OSt
005 20140310183018.0
008 130212t xxu||||| |||| 00| 0 eng d
020 _a9789712721618
050 _aQA 76.73.C153
_b.Ab17 2009
100 _aAbante, Marmelo V.
245 _aVisual C++ : programming language :
_bprogramming made easy /
_cMarmelo V. Abante
260 _aManila ;
_bAnvil,
_c2009.
300 _a75 p. :
_bill. ;
_c22 cm.
521 _aIT
562 _e1
942 _2lcc
_cBK
_kLOC
999 _c18338
_d18338